00457nam a2200145Ia 4500008005200000082001600052100003800068245002800106250000800134260005200142300000900194650004800203650002100251650003900272200103s 1998 ||||xx |||||||||||||| ||und|| a623.88bICS aInternational Chamber of Shipping 0aBridge procedures guide a3rd bInternational Chamber of Shippingc1998aLondon a92p. aGuidance to masters and navigating officers aPassage Planning aDuties of the officer of the watch